[Event "Olomouc Seniors 65 op"]
[Site "Olomouc"]
[Date "2024.08.16"]
[Round "8"]
[White "Postolati, Alexander"]
[Black "Kruska, Vladimir"]
[Result "1/2-1/2"]
[WhiteElo "1855"]
[BlackElo "1893"]
[PlyCount "20"]
[EventDate "2024.08.10"]
[EventType "swiss"]
[EventRounds "9"]
[EventCountry "CZE"]
[SourceTitle "CBM 221 Extra"]
[Source "ChessBase"]
[SourceDate "2024.09.30"]
[SourceVersion "1"]
[SourceVersionDate "2024.09.30"]
[SourceQuality "1"]

1. d4 d5 2. Nf3 Nf6 3. c4 c6 4. Qb3 e6 5. g3 Be7 6. Bg2 0-0 7. 0-0 Nbd7 8. Nc3 Re8 9. Rd1 Bd6 10. Nd2 Qb6 1/2-1/2

[Event "Olomouc Seniors 65 op"]
[Site "Olomouc"]
[Date "2024.08.15"]
[Round "7"]
[White "Kruska, Vladimir"]
[Black "Jenssen, Ove S"]
[Result "1/2-1/2"]
[WhiteElo "1893"]
[BlackElo "1857"]
[PlyCount "37"]
[EventDate "2024.08.10"]
[EventType "swiss"]
[EventRounds "9"]
[EventCountry "CZE"]
[SourceTitle "CBM 221 Extra"]
[Source "ChessBase"]
[SourceDate "2024.09.30"]
[SourceVersion "1"]
[SourceVersionDate "2024.09.30"]
[SourceQuality "1"]

1. c4 c6 2. Nf3 e6 3. Nc3 d5 4. e3 Nf6 5. d4 Bd6 6. Bd3 dxc4 7. Bxc4 Nbd7 8. 0-0 0-0 9. Re1 e5 10. e4 h6 11. d5 Nb6 12. Bb3 Bg4 13. dxc6 bxc6 14. Be3 Qe7 15. Qe2 Bb4 16. Bd2 Nfd7 17. a3 Bd6 18. Rad1 Nc5 19. Bc2 1/2-1/2

[Event "Olomouc Seniors 65 op"]
[Site "Olomouc"]
[Date "2024.08.13"]
[Round "5"]
[White "Kruska, Vladimir"]
[Black "Lexa, Vaclav"]
[Result "1-0"]
[WhiteElo "1893"]
[BlackElo "1844"]
[PlyCount "81"]
[EventDate "2024.08.10"]
[EventType "swiss"]
[EventRounds "9"]
[EventCountry "CZE"]
[SourceTitle "CBM 221 Extra"]
[Source "ChessBase"]
[SourceDate "2024.09.30"]
[SourceVersion "1"]
[SourceVersionDate "2024.09.30"]
[SourceQuality "1"]

1. c4 c5 2. Nc3 Nc6 3. g3 g6 4. Bg2 Bg7 5. d3 d6 6. e3 Nf6 7. Nge2 0-0 8. 0-0 Bd7 9. h3 Qc8 10. Kh2 a6 11. Nd5 Nxd5 12. cxd5 Nb8 13. Rb1 e6 14. e4 b5 15. Bf4 Qc7 16. Qd2 Qb6 17. Be3 a5 18. d4 Na6 19. f4 exd5 20. dxc5 dxc5 21. exd5 Rad8 22. a3 Rfe8 23. Bf2 b4 24. Rfe1 Bb5 25. Rbc1 Qd6 26. Qc2 Rc8 27. Bf3 Re7 28. a4 Bd7 29. b3 Bf5 30. Qc4 Bd7 31. g4 f5 32. Ng3 fxg4 33. hxg4 Rf7 34. Be3 Bd4 35. Ne4 Qb8 36. d6 Bxe3 37. Rxe3 Kg7 38. Ng5 Rcf8 39. Nxf7 Rxf7 40. Bd5 Rf6 41. Re7+ 1-0